Radcliffe Investment Properties Limited v Nigel Keith Meeson and Gayle Lee Meeson (Record no. 121651)
[ view plain ]
| 000 -LEADER | |
|---|---|
| fixed length control field | 00856nas a22002057a 4500 |
| 007 - PHYSICAL DESCRIPTION FIXED FIELD--GENERAL INFORMATION | |
| fixed length control field | ta |
| 008 - FIXED-LENGTH DATA ELEMENTS--GENERAL INFORMATION | |
| fixed length control field | 230828e20230823xxk||||os||||o00| 0 eng d |
| 041 ## - LANGUAGE CODE | |
| Language code of text/sound track or separate title | eng |
| 245 ## - TITLE STATEMENT | |
| Title | Radcliffe Investment Properties Limited v Nigel Keith Meeson and Gayle Lee Meeson |
| 260 ## - PUBLICATION INFORMATION | |
| Place of publication | [2023] UKUT 209 (LC), |
| Publisher | Upper Tribunal (Lands Chamber), |
| Date | 22 August 2023 |
| 520 ## - ABSTRACT | |
| Abstract | The Upper Tribunal upheld a determination by the First-tier Tribunal that the costs of a waking watch had not been reasonably incurred under section 19(1) of the Landlord and Tenant Act 1985. |
| 650 ## - KEYWORDS | |
| Keywords | BUILDING SAFETY ACT 2022 |
| 650 ## - KEYWORDS | |
| Keywords | CLADDING |
| 650 ## - KEYWORDS | |
| Keywords | FIRE SAFETY |
| 650 ## - KEYWORDS | |
| Keywords | JUDGMENT |
| 650 ## - KEYWORDS | |
| Keywords | LANDLORD AND TENANT ACT 1985 |
| 650 ## - KEYWORDS | |
| Keywords | SERVICE CHARGES |
| 651 ## - SUBJECT ADDED ENTRY--GEOGRAPHIC NAME | |
| Geographic name | United Kingdom |
| 856 ## - ONLINE RESOURCE | |
| Uniform Resource Identifier | https://www.bailii.org/uk/cases/UKUT/LC/2023/209.html |
| Public note | Available on BAILII |
| Withdrawn status | Lost status | Damaged status | Koha normalized classification for sorting | Not for loan | Home library | Current library | Shelving location | Date acquired | Total Checkouts | Full call number | Date last seen | Price effective from | Koha item type |
|---|---|---|---|---|---|---|---|---|---|---|---|---|---|
| ONLINE_JUDGMENT | Virtual | Virtual | Online | 29/08/2023 | ONLINE JUDGMENT | 29/08/2023 | 29/08/2023 | Law report |